ALL Iowa Cities - Statistics

General Stats
  • This quiz has been taken 185 times
  • The average score is 117 of 942
Answer Stats
County City % Correct
D Polk and Warren Des Moines
94%
D Scott Davenport
87%
S Woodbury and Plymouth Sioux City
83%
A Story Ames
81%
D Dubuque Dubuque
80%
I Johnson Iowa City
80%
C Linn Cedar Rapids
79%
W Polk, Dallas, and Warren West Des Moines
79%
A Polk Ankeny
74%
B Boone Boone
70%
C Black Hawk Cedar Falls
70%
W Black Hawk Waterloo
70%
K Lee Keokuk
66%
C Clinton Clinton
64%
C Pottawattamie Council Bluffs
64%
B Scott Bettendorf
63%
A Polk Altoona
61%
C Carroll Carroll
61%
M Cerro Gordo Mason City
61%
M Henry Mount Pleasant
61%
M Marshall Marshalltown
60%
I Warren Indianola
59%
M Linn Marion
59%
U Polk and Dallas Urbandale
59%
A Adair and Guthrie Adair
57%
M Muscatine Muscatine
57%
O Wapello Ottumwa
57%
S Buena Vista Storm Lake
57%
T Tama Tama
57%
F Webster Fort Dodge
56%
W Washington Washington
56%
N Jasper Newton
54%
W Keokuk Webster
54%
P Marion Pella
53%
W Dallas Waukee
53%
J Polk Johnston
51%
N Warren and Polk Norwalk
51%
O Mahaska Oskaloosa
51%
B Des Moines Burlington
50%
G Polk and Dallas Grimes
50%
P Polk Polk City
50%
A Dallas Adel
49%
C Polk and Dallas Clive
49%
N Johnson North Liberty
49%
L Plymouth Le Mars
47%
O Clarke Osceola
47%
S Sioux Sioux Center
47%
C Johnson Coralville
46%
D Dallas Dallas Center
46%
G Poweshiek Grinnell
46%
H Humboldt Humboldt
46%
J Greene Jefferson
46%
S Sac Sac City
46%
A Cass Atlantic
44%
S Story Story City
44%
W Hamilton Webster City
44%
W Madison Winterset
44%
B Ringgold Benton
43%
C Cerro Gordo Clear Lake
43%
M Mitchell Mitchell
43%
M Jasper Monroe
43%
O Dickinson Okoboji
43%
P Pocahontas Pocahontas
43%
U Hardin Union
43%
A Monroe Albia
41%
F Fayette Fayette
41%
S Dickinson Spirit Lake
41%
W Hamilton Williams
41%
A Kossuth Algona
40%
C Cherokee Cherokee
40%
F Lee Fort Madison
40%
H Story Huxley
40%
S Clay Spencer
40%
C Clayton Clayton
39%
F Mahaska Fremont
39%
I Ida Ida Grove
39%
I Buchanan Independence
39%
N Story Nevada
39%
B Polk Bondurant
37%
C Union Creston
37%
E Emmet Estherville
37%
F Lee Franklin
37%
G Adair Greenfield
37%
W Louisa Wapello
37%
D Crawford Denison
36%
M Linn Mount Vernon
36%
O Sioux Orange City
36%
P Polk Pleasant Hill
36%
S Woodbury Sergeant Bluff
36%
W Bremer Waverly
36%
W Iowa Williamsburg
36%
C Warren and Polk Carlisle
34%
D Winneshiek Decorah
34%
E Palo Alto Emmetsburg
34%
G Grundy Grundy Center
34%
K Marion Knoxville
34%
S O'Brien and Sioux Sheldon
34%
H Osceola Harris
33%
V Dallas Van Meter
33%
C Floyd Charles City
31%
D Dallas De Soto
31%
F Winnebago and Hancock Forest City
31%
G Butler and Floyd Greene
31%
G Guthrie Guthrie Center
31%
H Franklin Hampton
31%
I Hardin Iowa Falls
31%
L Decatur Lamoni
31%
S Johnson Solon
31%
T Johnson Tiffin
31%
A Audubon Audubon
30%
D Grundy Dike
30%
F Floyd Floyd
30%
G Story Gilbert
30%
H Shelby Harlan
30%
M Warren Martensdale
30%
P Dallas Perry
30%
W Muscatine West Liberty
30%
D Dubuque and Delaware Dyersville
29%
P Guthrie Panora
29%
R Montgomery Red Oak
29%
T Cedar Tipton
29%
W Polk Windsor Heights
29%
A Hardin and Franklin Ackley
27%
C Appanoose Centerville
27%
C Lucas Chariton
27%
F Jefferson Fairfield
27%
N Butler New Hartford
27%
O Sac Odebolt
27%
P Butler Parkersburg
27%
S Shelby and Pottawattamie Shelby
27%
S Story Slater
27%
W Cedar and Johnson West Branch
27%
A Buena Vista Alta
26%
C Wright Clarion
26%
O Boone Ogden
26%
S Crawford Schleswig
26%
S Butler Shell Rock
26%
A Sioux Alton
24%
A Jones Anamosa
24%
A Pottawattamie Avoca
24%
C Clinton Camanche
24%
H Ida Holstein
24%
M Dickinson Milford
24%
R Sioux Rock Valley
24%
S Lee St. Paul
24%
V Benton Vinton
24%
A Plymouth Akron
23%
A Dickinson Arnolds Park
23%
C Carroll and Guthrie Coon Rapids
23%
C Woodbury Correctionville
23%
C Howard Cresco
23%
H Marion Hamilton
23%
H Pottawattamie Hancock
23%
H Sioux Hawarden
23%
H Black Hawk Hudson
23%
H Sioux Hull
23%
L Winnebago Lake Mills
23%
L Dickinson Lake Park
23%
L Sac Lake View
23%
M Jackson and Clinton Maquoketa
23%
M Story Maxwell
23%
M Poweshiek Montezuma
23%
M Woodbury Moville
23%
O Monona Onawa
23%
R Grundy Reinbeck
23%
W Allamakee Waukon
23%
W Hardin Whitten
23%
A Ida Arthur
21%
A Osceola Ashton
21%
B Ida Battle Creek
21%
C Linn Center Point
21%
G Black Hawk Gilbertville
21%
G Tama Gladbrook
21%
G Mills Glenwood
21%
H Plymouth Hinton
21%
K Plymouth Kingsley
21%
M Cherokee Marcus
21%
M Pottawattamie Minden
21%
M Jones Monticello
21%
N Chickasaw New Hampton
21%
O Fayette Oelwein
21%
P Clay Peterson
21%
P Marion Pleasantville
21%
R Plymouth Remsen
21%
R Story Roland
21%
S Jasper Sully
21%
S O'Brien Sutherland
21%
U Benton Urbana
21%
W Dickinson West Okoboji
21%
A Woodbury Anthon
20%
A Emmet Armstrong
20%
A Cherokee Aurelia
20%
B Jasper Baxter
20%
B Carroll Breda
20%
C Story Collins
20%
C Warren Cumming
20%
G Hancock Garner
20%
G Lyon George
20%
G Dallas and Polk Granger
20%
L Black Hawk La Porte City
20%
L Lyon Larchwood
20%
L Jasper Lynnville
20%
M Delaware Manchester
20%
M Monona Mapleton
20%
M Clayton Monona
20%
P Cerro Gordo Plymouth
20%
P O'Brien Primghar
20%
R Cerro Gordo Rockwell
20%
R Clay Royal
20%
S Woodbury Salix
20%
S Buena Vista Sioux Rapids
20%
S Warren St. Marys
20%
T Tama Toledo
20%
U Pottawattamie Underwood
20%
W Plymouth Westfield
20%
W Fayette West Union
20%
A Buena Vista Albert City
19%
A Sac Auburn
19%
B Kossuth Bancroft
19%
B Sioux Boyden
19%
B Hancock Britt
19%
C Sioux Chatsworth
19%
C Plymouth Craig
19%
D Lyon Doon
19%
E Clay Everly
19%
G Benton Garrison
19%
G Carroll Glidden
19%
G Wright Goldfield
19%
G Clay Greenville
19%
H O'Brien Hartley
19%
I Lyon Inwood
19%
L Woodbury Lawton
19%
L Lyon Little Rock
19%
M Plymouth Merrill
19%
O Osceola Ocheyedan
19%
P O'Brien Paullina
19%
R Palo Alto Ruthven
19%
S O'Brien Sanborn
19%
S Page and Fremont Shenandoah
19%
S Osceola Sibley
19%
S Linn Springville
19%
S Marshall State Center
19%
S Plymouth Struble
19%
T Dickinson Terril
19%
T Pottawattamie Treynor
19%
V Cerro Gordo Ventura
19%
W Cherokee Washta
19%
C Crawford Charter Oak
17%
C Cherokee Cleghorn
17%
D Woodbury Danbury
17%
F Pocahontas Fonda
17%
G Palo Alto Graettinger
17%
G Sioux Granville
17%
I Sioux Ireton
17%
L Tama Lincoln
17%
M Boone Madrid
17%
M Calhoun Manson
17%
M Sioux Matlock
17%
M Osceola Melvin
17%
M Cherokee Meriden
17%
M Polk and Jasper Mitchellville
17%
N Buena Vista Newell
17%
O Jones Olin
17%
O Dickinson Orleans
17%
O Mitchell Osage
17%
U Monona Ute
17%
W Sac Wall Lake
17%
W Palo Alto and Kossuth West Bend
17%
W Monona Whiting
17%
A Lyon Alvord
16%
A Butler Aplington
16%
B Davis Bloomfield
16%
B Woodbury Bronson
16%
B Plymouth Brunsville
16%
C O'Brien Calumet
16%
C Monona Castana
16%
D Bremer Denver
16%
E Wright Eagle Grove
16%
E Polk Elkhart
16%
G Ida Galva
16%
H Linn Hiawatha
16%
H Sioux Hospers
16%
K Crawford Kiron
16%
L Decatur Leon
16%
L Lyon Lester
16%
L Harrison Little Sioux
16%
L Harrison Logan
16%
M Harrison Magnolia
16%
M Palo Alto Mallard
16%
M Ringgold Mount Ayr
16%
O Woodbury Oto
16%
O Plymouth Oyens
16%
P Linn Palo
16%
R Lyon Rock Rapids
16%
R Calhoun Rockwell City
16%
S Woodbury Sloan
16%
S Kossuth Swea City
16%
T Buena Vista Truesdale
16%
A Warren Ackworth
14%
A Franklin Alexander
14%
A O'Brien Archer
14%
A Palo Alto Ayrshire
14%
B Poweshiek Brooklyn
14%
C Story Colo
14%
E Black Hawk Evansdale
14%
G Humboldt and Pocahontas Gilmore City
14%
L Calhoun Lake City
14%
L Buena Vista Lakeside
14%
M Carroll Manning
14%
M Buena Vista Marathon
14%
P Woodbury Pierson
14%
Q Cherokee Quimby
14%
A Washington Ainsworth
13%
A Butler Allison
13%
B Wright Belmond
13%
C Linn Central City
13%
C Page Clarinda
13%
D Humboldt Dakota City
13%
D Delaware Delaware
13%
D Clinton DeWitt
13%
G Greene Grand Junction
13%
H Johnson Hills
13%
K Washington Kalona
13%
K Story Kelley
13%
M Harrison Missouri Valley
13%
N Allamakee New Albin
13%
S Benton Shellsburg
13%
S Keokuk Sigourney
13%
S Woodbury Smithland
13%
W Scott and Muscatine Walcott
13%
W Dallas and Boone Woodward
13%
A Marshall Albion
11%
B Scott Buffalo
11%
C Butler Clarksville
11%
E Madison Earlham
11%
M Sioux Maurice
11%
M Clayton McGregor
11%
P Madison Patterson
11%
P Jasper Prairie City
11%
R Washington Riverside
11%
S Mitchell St. Ansgar
11%
S Madison St. Charles
11%
W Keokuk What Cheer
11%
B Benton Belle Plaine
10%
C Story Cambridge
10%
C Jasper Colfax
10%
E Scott Eldridge
10%
G Clayton Guttenberg
10%
J Bremer and Black Hawk Janesville
10%
L Allamakee Lansing
10%
L Lucas Lucas
10%
R Polk Runnells
10%
S Warren Spring Hill
10%
S Clayton Strawberry Point
10%
W Des Moines West Burlington
10%
A Hardin Alden
9%
A Polk Alleman
9%
A Dubuque Asbury
9%
A Benton Atkins
9%
C Dubuque and Jones Cascade
9%
D Webster Dayton
9%
D Butler Dumont
9%
E Sac Early
9%
E Clayton Elkader
9%
F Linn Fairfax
9%
G Montgomery Grant
9%
L Scott Le Claire
9%
M Clayton Marquette
9%
M Jasper Mingo
9%
N Warren New Virginia
9%
R Marshall Rhodes
9%
W Muscatine and Cedar Wilton
9%
W Dubuque Worthington
9%
A Union Afton
7%
A Wapello Agency
7%
B Guthrie Bayard
7%
B Mahaska Beacon
7%
B Jackson Bellevue
7%
B Madison and Warren Bevington
7%
B Buchanan Brandon
7%
C Clinton Charlotte
7%
C Tama Chelsea
7%
D Wright and Franklin Dows
7%
D Black Hawk Dunkerton
7%
D Tama Dysart
7%
E Wapello, Mahaska, and Monroe Eddyville
7%
E Hardin Eldora
7%
E Linn Ely
7%
E Dubuque Epworth
7%
F Van Buren Farmington
7%
G Clayton Garnavillo
7%
G Franklin Geneva
7%
H Warren Hartford
7%
J Buchanan and Black Hawk Jesup
7%
K Keokuk Keota
7%
L Cass Lewis
7%
L Cedar Lowden
7%
M Dallas Minburn
7%
N Iowa and Keokuk North English
7%
O Johnson Oxford
7%
P Allamakee and Clayton Postville
7%
Q Buchanan Quasqueton
7%
R Floyd Rockford
7%
S Jackson Sabula
7%
S Warren Sandyville
7%
S Hamilton Stanhope
7%
S Cedar Stanwood
7%
S Clayton St. Olaf
7%
T Clinton Toronto
7%
V Iowa and Poweshiek Victor
7%
V Clayton Volga
7%
W Dickinson Wahpeton
7%
W Linn Walker
7%
W Pottawattamie Walnut
7%
W Washington Wellman
7%
W Grundy Wellsburg
7%
W Buchanan Winthrop
7%
A Linn Alburnett
6%
A Muscatine Atalissa
6%
B Webster Badger
6%
B Dubuque Balltown
6%
B Kossuth Burt
6%
C Pottawattamie Carson
6%
C Howard Chester
6%
C Appanoose Cincinnati
6%
C Webster Clare
6%
C Cedar Clarence
6%
C Linn Coggon
6%
D Lee Donnellson
6%
D Cedar, Scott, and Muscatine Durant
6%
E Hamilton Ellsworth
6%
F Dubuque Farley
6%
F Clayton Farmersburg
6%
F Worth Fertile
6%
G Clayton Garber
6%
G Tama Garwin
6%
G Clinton Goose Lake
6%
H Keokuk Harper
6%
I Chickasaw Ionia
6%
J Guthrie Jamaica
6%
L Marshall and Tama Le Grand
6%
L Linn Lisbon
6%
M Worth Manly
6%
M Keokuk Martinsburg
6%
M Monroe Melrose
6%
M Van Buren Milton
6%
N Benton Newhall
6%
P Mills Pacific Junction
6%
P Dubuque Peosta
6%
P Jackson Preston
6%
P Scott Princeton
6%
R Dallas Redfield
6%
R Keokuk Richland
6%
S Wayne Seymour
6%
S Franklin Sheffield
6%
S Story, Polk, and Boone Sheldahl
6%
S Fremont Sidney
6%
S Montgomery Stanton
6%
S Jackson St. Donatus
6%
S Hardin Steamboat Rock
6%
S Guthrie and Adair Stuart
6%
S Bremer and Fayette Sumner
6%
T Humboldt Thor
6%
T Kossuth Titonka
6%
T Tama Traer
6%
U Johnson University Heights
6%
V Benton Van Horne
6%
V Montgomery Villisca
6%
W Benton and Linn Walford
6%
W Allamakee Waterville
6%
W Henry Wayland
6%
W Clinton Wheatland
6%
W Jones Wyoming
6%
Z Story Zearing
6%
A Chickasaw Alta Vista
4%
A Jackson Andrew
4%
A Fayette Arlington
4%
A Buchanan Aurora
4%
B Guthrie Bagley
4%
B Ringgold Beaconsfield
4%
B Grundy Beaman
4%
B Linn Bertram
4%
B Wapello Blakesburg
4%
B Hardin Buckeye
4%
B Winnebago Buffalo Center
4%
C Webster Callender
4%
C Guthrie and Adair Casey
4%
C Dubuque Centralia
4%
C Louisa Columbus Junction
4%
C Adams Corning
4%
C Washington Crawfordsville
4%
C Cass Cumberland
4%
D Dallas Dawson
4%
D Poweshiek Deep River
4%
D Dallas Dexter
4%
E Fayette Elgin
4%
E Shelby Elk Horn
4%
F Winneshiek Fort Atkinson
4%
G Marshall Gilman
4%
G Webster Gowrie
4%
G Clinton Grand Mound
4%
H Grundy Holland
4%
H Hardin Hubbard
4%
K Jasper Kellogg
4%
K Worth Kensett
4%
K Van Buren Keosauqua
4%
K Benton Keystone
4%
L Franklin Latimer
4%
L Marshall Laurel
4%
L Pocahontas Laurens
4%
L Webster Lehigh
4%
L Clinton Low Moor
4%
L Clayton Luana
4%
L Dubuque Luxemburg
4%
M Jefferson Maharishi Vedic City
4%
M Poweshiek Malcom
4%
M Iowa Marengo
4%
M Cedar Mechanicsville
4%
M Jackson Miles
4%
M Lee Montrose
4%
M Appanoose and Monroe Moravia
4%
M Appanoose Mystic
4%
N Henry New London
4%
N Worth Northwood
4%
N Benton Norway
4%
O Pottawattamie Oakland
4%
O Henry Olds
4%
O Adair Orient
4%
O Winneshiek Ossian
4%
P Jefferson Packwood
4%
P Iowa Parnell
4%
R Mitchell and Howard Riceville
4%
R Linn Robins
4%
R Monona Rodney
4%
R Henry Rome
4%
R Buchanan Rowley
4%
R Lucas Russell
4%
R Delaware Ryan
4%
S Henry Salem
4%
S Sac Schaller
4%
S Johnson Shueyville
4%
S Monona Soldier
4%
S Keokuk South English
4%
S Mitchell Stacyville
4%
S Van Buren Stockport
4%
S Grundy Stout
4%
S Hamilton and Webster Stratford
4%
S Cerro Gordo Swaledale
4%
S Johnson Swisher
4%
T Carroll Templeton
4%
T Winnebago Thompson
4%
T Cerro Gordo Thornton
4%
T Madison Truro
4%
U Appanoose Unionville
4%
U Mahaska University Park
4%
V Crawford Vail
4%
V Decatur Van Wert
4%
W Fayette Wadena
4%
W Emmet Wallingford
4%
W Washington West Chester
4%
W Crawford Westside
4%
W Carroll Willey
4%
W Henry Winfield
4%
W Hancock Woden
4%
Z Dubuque and Jackson Zwingle
4%
A Wayne Allerton
3%
A Clinton Andover
3%
A Cass Anita
3%
A Carroll Arcadia
3%
B Jackson Baldwin
3%
B Mahaska and Poweshiek Barnes City
3%
B Jefferson Batavia
3%
B Taylor Bedford
3%
B Cedar Bennett
3%
B Van Buren Birmingham
3%
B Hamilton Blairsburg
3%
B Audubon Brayton
3%
B Adair Bridgewater
3%
B Washington Brighton
3%
B Butler Bristow
3%
C Clinton Calamus
3%
C Winneshiek Calmar
3%
C Mitchell Carpenter
3%
C Pottawattamie Carter Lake
3%
C Tama Clutier
3%
C Page Coin
3%
C Delaware Colesburg
3%
C Grundy Conrad
3%
C Wayne Corydon
3%
C Pottawattamie Crescent
3%
D Des Moines Danville
3%
D Carroll Dedham
3%
D Delaware Delhi
3%
D Clinton Delmar
3%
D Keokuk Delta
3%
D Harrison and Crawford Dunlap
3%
E Delaware and Clayton Edgewood
3%
E Wapello Eldon
3%
E Page Essex
3%
E Audubon Exira
3%
F Buchanan and Fayette Fairbank
3%
F Calhoun and Webster Farnhamville
3%
F Marshall Ferguson
3%
F Adair Fontanelle
3%
F Chickasaw Fredericksburg
3%
G Decatur Garden Grove
3%
G Decatur Grand River
3%
G Louisa Grandview
3%
G Cass Griswold
3%
G Poweshiek Guernsey
3%
H Carroll Halbur
3%
H Fremont Hamburg
3%
H Worth Hanlontown
3%
H Allamakee Harpers Ferry
3%
H Marion Harvey
3%
H Mills Hastings
3%
H Marshall Haverhill
3%
H Keokuk Hedrick
3%
H Mills Henderson
3%
K Hancock Kanawha
3%
K Audubon Kimballton
3%
K Keokuk Kinross
3%
L Warren Lacona
3%
L Iowa Ladora
3%
L Kossuth Lakota
3%
L Buchanan Lamont
3%
L Chickasaw Lawler
3%
L Winnebago Leland
3%
L Taylor and Adams Lenox
3%
L Louisa Letts
3%
L Jefferson Libertyville
3%
L Carroll Lidderdale
3%
L Dallas Linden
3%
L Wayne Lineville
3%
L Marshall Liscomb
3%
L Calhoun Lohrville
3%
L Johnson Lone Tree
3%
L Clinton Lost Nation
3%
L Monroe Lovilia
3%
L Boone Luther
3%
L Kossuth and Humboldt Lu Verne
3%
L Sac and Calhoun Lytton
3%
M Crawford Manilla
3%
M Cass Marne
3%
M Jones Martelle
3%
M Cass Massena
3%
M Marshall Melbourne
3%
M Guthrie Menlo
3%
M Iowa Millersburg
3%
M Warren Milo
3%
M Harrison Mondamin
3%
M Tama Montour
3%
M Grundy Morrison
3%
M Clarke Murray
3%
N Chickasaw and Floyd Nashua
3%
N Pottawattamie Neola
3%
N Scott New Liberty
3%
N Taylor New Market
3%
N Dubuque New Vienna
3%
N Adams Nodaway
3%
N Floyd and Cerro Gordo Nora Springs
3%
O Jones Onslow
3%
O Clayton Osterdock
3%
O Webster Otho
3%
O Hardin Owasa
3%
O Jones Oxford Junction
3%
P Pocahontas Palmer
3%
P Decatur Pleasanton
3%
P Jefferson Pleasant Plain
3%
P Shelby Portsmouth
3%
P Linn Prairieburg
3%
P Wayne Promise City
3%
R Hardin Radcliffe
3%
R Winnebago Rake
3%
R Hamilton Randall
3%
R Fremont Randolph
3%
R Appanoose Rathbun
3%
R Bremer Readlyn
3%
R Jasper Reasnor
3%
R Emmet Ringsted
3%
R Scott Riverdale
3%
R Mahaska Rose Hill
3%
R Clay Rossie
3%
R Wright Rowan
3%
R Floyd Rudd
3%
R Humboldt Rutland
3%
S Winnebago Scarville
3%
S Greene Scranton
3%
S Poweshiek Searsboro
3%
S Union and Ringgold Shannon City
3%
S Dubuque Sherrill
3%
S Calhoun Somers
3%
S Winneshiek Spillville
3%
S Jackson Spragueville
3%
S Buchanan and Fayette Stanley
3%
S Marshall St. Anthony
3%
S Fayette St. Lucas
3%
S Dickinson Superior
3%
S Marion Swan
3%
T Fremont and Mills Tabor
3%
T Shelby Tennant
3%
T Union Thayer
3%
T Keokuk Thornburg
3%
T Fremont Thurman
3%
T Bremer Tripoli
3%
T Monona Turin
3%
V Jasper Valeria
3%
V Webster Vincent
3%
V Tama Vining
3%
W Fayette Waucoma
3%
W Clay Webb
3%
W Decatur Weldon
3%
W Clinton Welton
3%
W Kossuth Wesley
3%
W Shelby Westphalia
3%
W Lee West Point
3%
W Kossuth Whittemore
3%
W Lucas Williamson
3%
W Cass Wiota
3%
W Wright Woolstock
3%
Y Guthrie Yale
3%
Y Calhoun Yetter
3%
Y Page Yorktown
3%
A Butler Aredale
1%
A Crawford Arion
1%
A Union Arispe
1%
B Dubuque Bankston
1%
B Boone Beaver
1%
B Benton Blairstown
1%
B Page Blanchard
1%
B Monona Blencoe
1%
B Taylor Blockton
1%
B Scott and Muscatine Blue Grass
1%
B Van Buren Bonaparte
1%
B Dallas Bouton
1%
B Page Braddyville
1%
B Marion Bussey
1%
C Van Buren Cantril
1%
C Winneshiek Castalia
1%
C Greene Churdan
1%
C Taylor and Ringgold Clearfield
1%
C Marshall Clemons
1%
C Fayette Clermont
1%
C Montgomery Coburg
1%
C Page College Springs
1%
C Louisa Columbus City
1%
C Taylor Conway
1%
C Henry, Washington, and Jefferson Coppock
1%
C Hancock Corwith
1%
C Louisa Cotter
1%
C Franklin Coulter
1%
C Union Cromwell
1%
C Hancock Crystal Lake
1%
C Woodbury Cushing
1%
D Greene Dana
1%
D Decatur Davis City
1%
D Decatur Decatur City
1%
D Crawford Deloit
1%
D Ringgold Diagonal
1%
D Clay Dickens
1%
D Emmet Dolliver
1%
D Scott Donahue
1%
D Crawford Dow City
1%
D Webster Duncombe
1%
D Delaware Dundee
1%
D Dubuque Durango
1%
E Madison East Peru
1%
E Tama Elberon
1%
E Clayton Elkport
1%
E Black Hawk Elk Run Heights
1%
E Howard Elma
1%
E Appanoose Exline
1%
F Fremont Farragut
1%
F Clay Fostoria
1%
F Bremer Frederika
1%
G Dubuque Graf
1%
G Worth Grafton
1%
G Audubon Gray
1%
G Delaware Greeley
1%
H Franklin Hansell
1%
H Webster Harcourt
1%
H Humboldt Hardy
1%
H Poweshiek Hartwick
1%
H Fayette Hawkeye
1%
H Keokuk Hayesville
1%
H Buchanan Hazleton
1%
H Page Hepburn
1%
H Henry Hillsboro
1%
H Dubuque Holy Cross
1%
H Delaware Hopkinton
1%
H Woodbury Hornick
1%
H Wayne Humeston
1%
I Fremont Imogene
1%
J Winneshiek Jackson Junction
1%
J Hamilton Jewell Junction
1%
J Worth Joice
1%
K Hamilton Kamrar
1%
K Ringgold Kellerton
1%
K Keokuk Keswick
1%
K Shelby Kirkman
1%
K Wapello Kirkville
1%
K Hancock Klemme
1%
K Calhoun Knierim
1%
L Jackson La Motte
1%
L Carroll Lanesboro
1%
L Kossuth Ledyard
1%
L Mahaska Leighton
1%
L Howard Lime Springs
1%
L Buena Vista Linn Grove
1%
L Jefferson Lockridge
1%
L Scott Long Grove
1%
L Union Lorimor
1%
M Pottawattamie Macedonia
1%
M Madison Macksburg
1%
M Mills Malvern
1%
M Floyd Marble Rock
1%
M Marion Marysville
1%
M Delaware Masonville
1%
M Fayette Maynard
1%
M Story McCallsburg
1%
M Scott McCausland
1%
M Mitchell McIntire
1%
M Des Moines Mediapolis
1%
M Marion Melcher-Dallas
1%
M Cerro Gordo Meservey
1%
M Des Moines Middletown
1%
M Wayne Millerton
1%
M Harrison Modale
1%
M Jackson Monmouth
1%
M Monona Moorhead
1%
M Jones Morley
1%
M Louisa Morning Sun
1%
M Appanoose Moulton
1%
M Benton Mount Auburn
1%
N Hardin New Providence
1%
N Mahaska New Sharon
1%
N Muscatine Nichols
1%
N Page Northboro
1%
N Chickasaw North Washington
1%
O Jasper Oakland Acres
1%
O Louisa Oakville
1%
P Shelby Panama
1%
P Greene Paton
1%
P Harrison Persia
1%
P Bremer Plainfield
1%
P Calhoun Pomeroy
1%
P Franklin Popejoy
1%
P Adams Prescott
1%
P Howard and Chickasaw Protivin
1%
R Carroll and Greene Ralston
1%
R Black Hawk Raymond
1%
R Dubuque Rickardsville
1%
R Crawford Ricketts
1%
R Winneshiek Ridgeway
1%
R Calhoun Rinard
1%
R Greene Rippey
1%
R Fremont Riverton
1%
R Cerro Gordo Rock Falls
1%
R Palo Alto Rodman
1%
R Pocahontas Rolfe
1%
S Dubuque Sageville
1%
S Page Shambaugh
1%
S Taylor Sharpsburg
1%
S Mills Silver City
1%
S Jackson Springbrook
1%
S Muscatine Stockton
1%
T Ringgold Tingley
1%
U Appanoose Udell
1%
V Pocahontas Varina
1%
W Fayette Westgate
1%
W Henry Westwood
1%
W Harrison Woodbine
1%
W Clarke Woodburn
1%
A Crawford Aspinwall
0%
B Webster Barnum
0%
B Chickasaw Bassett
0%
B Boone Berkley
0%
B Dubuque Bernard
0%
B Humboldt Bode
0%
B Boone Boxholm
0%
B Humboldt Bradgate
0%
B Crawford Buck Grove
0%
C Adams Carbon
0%
C Wapello Chillicothe
0%
C Wayne Clio
0%
C Floyd Colwell
0%
C Muscatine Conesville
0%
C Palo Alto Curlew
0%
C Palo Alto Cylinder
0%
D Shelby Defiance
0%
D Ringgold Delphos
0%
D Lucas Derby
0%
D Scott Dixon
0%
D Cerro Gordo Dougherty
0%
D Davis Drakesville
0%
E Shelby Earling
0%
E Delaware Earlville
0%
E Montgomery Elliott
0%
E Ringgold Ellston
0%
E Mills Emerson
0%
F Kossuth Fenton
0%
F Davis Floris
0%
F Boone Fraser
0%
F Louisa Fredonia
0%
F Muscatine Fruitland
0%
G Wright Galt
0%
G Keokuk Gibson
0%
G Clay Gillett Grove
0%
G Hancock Goodell
0%
G Taylor Gravity
0%
G Emmet Gruver
0%
H Pocahontas Havelock
0%
H Lee Houghton
0%
I Shelby Irwin
0%
J Calhoun Jolley
0%
K Mahaska Keomah Village
0%
L Jasper Lambs Grove
0%
L Cherokee Larrabee
0%
L Decatur Le Roy
0%
L Humboldt Livermore
0%
L Kossuth Lone Rock
0%
L Benton Luzerne
0%
M Ringgold Maloy
0%
M Scott Maysville
0%
M Pottawattamie McClelland
0%
M Webster Moorland
0%
N Sac Nemaha
0%
N Clayton North Buena Vista
0%
N Appanoose Numa
0%
O Keokuk Ollie
0%
O Mitchell Orchard
0%
O Humboldt Ottosen
0%
P Scott Panorama Park
0%
P Boone Pilot Mound
0%
P Harrison Pisgah
0%
P Appanoose Plano
0%
P Pocahontas Plover
0%
P Davis Pulaski
0%
R Fayette Randalia
0%
R Ringgold Redding
0%
R Buena Vista Rembrandt
0%
R Humboldt Renwick
0%
No matching quizzes found
Score Distribution
Percent of People with Each Score
Percentile by Number Answered
Your Score History
You have not taken this quiz